[Event "Ruhrgebiet Verbandsliga Gruppe 2 1819"]
[Site "Nordrheinwestfalen"]
[Date "2019.05.05"]
[Round "9.5"]
[White "Schoetz, Hans Joachim"]
[Black "Claussen, Uwe"]
[Result "0-1"]
[WhiteElo "1883"]
[BlackElo "2012"]
[PlyCount "67"]
[EventDate "2018.09.23"]
[EventType "team-tourn"]
[EventRounds "9"]
[EventCountry "GER"]
[SourceTitle "EXT 2022"]
[Source "ChessBase"]
[SourceDate "2021.10.06"]
[SourceVersion "1"]
[SourceVersionDate "2021.10.06"]
[SourceQuality "1"]
[WhiteTeam "Boenen SV"]
[BlackTeam "Essen Werden"]
[WhiteTeamCountry "GER"]
[BlackTeamCountry "GER"]

1. e4 b6 2. d4 Bb7 3. f3 e6 4. Be3 d5 5. exd5 Qxd5 6. Bd3 Nf6 7. Ne2 Qd7 8. Nbc3 Be7 9. Qd2 Nc6 10. a3 a6 11. Ne4 e5 12. b4 exd4 13. Nxd4 Ne5 14. Nxf6+ Bxf6 15. Be2 0-0 16. Rd1 Rad8 17. 0-0 Rfe8 18. Bg5 Qxd4+ 19. Qxd4 Rxd4 20. Rxd4 Nxf3+ 21. Bxf3 Bxd4+ 22. Kh1 Bxf3 23. gxf3 f6 24. Bf4 Be5 25. Bxe5 Rxe5 26. Rd1 Kf7 27. Kg1 Ke6 28. Kf2 Rd5 29. Re1+ Kd6 30. Re2 c5 31. c4 Rd4 32. Rc2 Rd3 33. bxc5+ Kxc5 34. a4 0-1

[Event "Ruhrgebiet Verbandsliga Gruppe 2 1819"]
[Site "Nordrheinwestfalen"]
[Date "2019.02.03"]
[Round "6.5"]
[White "Claussen, Uwe"]
[Black "Peters, Olaf"]
[Result "0-1"]
[WhiteElo "2005"]
[BlackElo "1904"]
[PlyCount "80"]
[EventDate "2018.09.23"]
[EventType "team-tourn"]
[EventRounds "9"]
[EventCountry "GER"]
[SourceTitle "EXT 2022"]
[Source "ChessBase"]
[SourceDate "2021.10.06"]
[SourceVersion "1"]
[SourceVersionDate "2021.10.06"]
[SourceQuality "1"]
[WhiteTeam "Essen Werden"]
[BlackTeam "Bochum SV II"]
[WhiteTeamCountry "GER"]
[BlackTeamCountry "GER"]

1. e4 c5 2. Nf3 Nc6 3. d4 cxd4 4. Nxd4 e5 5. Nb5 a6 6. Nd6+ Bxd6 7. Qxd6 Qf6 8. Qxf6 Nxf6 9. Nc3 Nb4 10. Kd2 d5 11. a3 d4 12. axb4 dxc3+ 13. Ke3 cxb2 14. Bxb2 0-0 15. f3 Re8 16. Ra5 Nd7 17. Bb5 f6 18. Ba4 b6 19. Rd5 b5 20. Bb3 Kf8 21. Rd6 Ke7 22. Rhd1 Rb8 23. Rc6 Kd8 24. Be6 Re7 25. Ke2 Rb7 26. c4 Rc7 27. cxb5 axb5 28. Bd5 Bb7 29. Rxc7 Kxc7 30. Bc1 Bxd5 31. Rxd5 Kc6 32. Be3 Re8 33. Rd2 Nb6 34. Ra2 Ra8 35. Rxa8 Nxa8 36. Bc5 Nc7 37. Bf8 Ne6 38. Be7 Kd7 39. Bxf6 gxf6 40. g3 Nd4+ 0-1

[Event "Ruhrgebiet Verbandsliga Gruppe 2 1819"]
[Site "Nordrheinwestfalen"]
[Date "2018.09.23"]
[Round "1.5"]
[White "Claussen, Uwe"]
[Black "Riesenbeck, Juergen"]
[Result "1-0"]
[WhiteElo "2005"]
[BlackElo "2008"]
[PlyCount "79"]
[EventDate "2018.09.23"]
[EventType "team-tourn"]
[EventRounds "9"]
[EventCountry "GER"]
[SourceTitle "EXT 2022"]
[Source "ChessBase"]
[SourceDate "2021.10.06"]
[SourceVersion "1"]
[SourceVersionDate "2021.10.06"]
[SourceQuality "1"]
[WhiteTeam "Essen Werden"]
[BlackTeam "Essen Katernberg III"]
[WhiteTeamCountry "GER"]
[BlackTeamCountry "GER"]

1. d4 Nf6 2. Nf3 g6 3. g3 Bg7 4. Bg2 d5 5. 0-0 0-0 6. Nbd2 Bf5 7. Nh4 Be6 8. Nb3 Na6 9. f3 Rc8 10. e4 c5 11. e5 Nd7 12. f4 f5 13. c3 Nb6 14. dxc5 Nxc5 15. Nxc5 Rxc5 16. Nf3 Bd7 17. Be3 Rc8 18. Bxb6 Qxb6+ 19. Rf2 e6 20. Qd4 Rc6 21. Qxb6 Rxb6 22. Rd2 Rc8 23. Kf2 Bf8 24. Nd4 Bc5 25. Ke3 Kf7 26. Bf3 Bb5 27. h3 Bc4 28. g4 Rbc6 29. a3 a5 30. gxf5 Bxd4+ 31. Kxd4 exf5 32. Rg1 Bb3 33. h4 a4 34. Ke3 Rd8 35. h5 Kg7 36. hxg6 hxg6 37. Rh1 Rcc8 38. Rdh2 d4+ 39. cxd4 Rh8 40. Rxh8 1-0

[Event "Ruhrgebiet Verbandsliga Gruppe 1 1718"]
[Site "Germany"]
[Date "2018.03.18"]
[Round "8"]
[White "Claussen, Uwe"]
[Black "Kremer, Moritz"]
[Result "1/2-1/2"]
[WhiteElo "2042"]
[BlackElo "1857"]
[PlyCount "107"]
[EventDate "2017.09.17"]
[EventType "team-tourn"]
[EventRounds "9"]
[EventCountry "GER"]
[SourceTitle "EXT 2022"]
[Source "ChessBase"]
[SourceDate "2021.10.06"]
[SourceVersion "1"]
[SourceVersionDate "2021.10.06"]
[SourceQuality "1"]
[WhiteTeam "Essen Werden"]
[BlackTeam "Muelheim Nord IV"]
[WhiteTeamCountry "GER"]
[BlackTeamCountry "GER"]

1. e4 e6 2. d4 d5 3. Nc3 dxe4 4. Nxe4 Bd7 5. Nf3 Bc6 6. Bd3 Be7 7. Qe2 Nf6 8. c3 Nbd7 9. Ng3 Bxf3 10. Qxf3 c6 11. 0-0 0-0 12. Bf4 Re8 13. Rad1 Nf8 14. Rfe1 Qd5 15. Qxd5 Nxd5 16. Bc1 Ng6 17. Bb1 Rad8 18. a3 Nf6 19. b4 Bd6 20. c4 Rd7 21. Ne4 Nxe4 22. Bxe4 Red8 23. g3 Be7 24. Be3 a6 25. d5 f5 26. Bb6 fxe4 27. Bxd8 Rxd8 28. dxc6 bxc6 29. Rxd8+ Bxd8 30. a4 Kf7 31. Rxe4 e5 32. b5 axb5 33. axb5 cxb5 34. cxb5 Ke6 35. Rc4 Kd7 36. Kg2 Ne7 37. f4 exf4 38. Rxf4 Ke6 39. Rg4 Nf5 40. Ra4 Kd6 41. g4 Ne3+ 42. Kf3 Nd5 43. Ra7 Bf6 44. g5 Bxg5 45. Rxg7 h6 46. Rg6+ Kc5 47. Rxg5 hxg5 48. Kg4 Kxb5 49. Kxg5 Kc6 50. h4 Kd6 51. Kg6 Ke6 52. h5 Nf4+ 53. Kg5 Nxh5 54. Kxh5 1/2-1/2

[Event "Ruhrgebiet Verbandsliga Gruppe 1 1718"]
[Site "Germany"]
[Date "2018.01.14"]
[Round "5.4"]
[White "Dreier, Daniel"]
[Black "Claussen, Uwe"]
[Result "0-1"]
[WhiteElo "1979"]
[BlackElo "2029"]
[PlyCount "76"]
[EventDate "2017.09.17"]
[EventType "team-tourn"]
[EventRounds "9"]
[EventCountry "GER"]
[SourceTitle "EXT 2022"]
[Source "ChessBase"]
[SourceDate "2021.10.06"]
[SourceVersion "1"]
[SourceVersionDate "2021.10.06"]
[SourceQuality "1"]
[WhiteTeam "Eichlinghofen SV"]
[BlackTeam "Essen Werden"]
[WhiteTeamCountry "GER"]
[BlackTeamCountry "GER"]

1. e4 e6 2. f4 d5 3. Nc3 dxe4 4. Nxe4 Nf6 5. Ng3 Bc5 6. Nf3 0-0 7. d4 Bb6 8. Bd3 c5 9. 0-0 Nc6 10. Ne4 Nxd4 11. Nxf6+ gxf6 12. Kh1 f5 13. Bd2 Qc7 14. Nxd4 cxd4 15. Qe1 Bd7 16. Rf3 f6 17. Qh4 Bc6 18. Rh3 Rf7 19. Re1 Re8 20. Re2 Qd7 21. Qe1 Rg7 22. Bc4 Bd5 23. Bxd5 Qxd5 24. Rg3 Rg6 25. h4 Kf7 26. Rf3 Reg8 27. Qf1 Rg4 28. Be1 Qxa2 29. Rb3 Qa6 30. Qf3 Rc8 31. Ra3 Qb5 32. Qxb7+ Rc7 33. Qf3 Qxb2 34. Qd3 Qc1 35. Kh2 Qxf4+ 36. Bg3 Qf1 37. Qd2 f4 38. Bf2 Qxg2# 0-1

[Event "Ruhrgebiet Verbandsliga Gruppe 2 1617"]
[Site "Germany"]
[Date "2016.12.18"]
[Round "5.4"]
[White "Foerster, Wolfgang"]
[Black "Claussen, Uwe"]
[Result "0-1"]
[WhiteElo "1949"]
[BlackElo "2058"]
[PlyCount "66"]
[EventDate "2016.09.04"]
[EventType "team-tourn"]
[EventRounds "9"]
[EventCountry "GER"]
[SourceTitle "EXT 2022"]
[Source "ChessBase"]
[SourceDate "2021.10.06"]
[SourceVersion "1"]
[SourceVersionDate "2021.10.06"]
[SourceQuality "1"]
[WhiteTeam "Sodingen/Castrop SK II"]
[BlackTeam "Essen Werden"]
[WhiteTeamCountry "GER"]
[BlackTeamCountry "GER"]

1. e4 e6 2. Nf3 d5 3. e5 c5 4. b4 cxb4 5. a3 Nc6 6. axb4 Bxb4 7. c3 Be7 8. d4 Bd7 9. Bd3 h6 10. h4 a6 11. h5 Na5 12. Na3 Qc7 13. Bb2 Nc4 14. Nxc4 dxc4 15. Be4 Bc6 16. Nd2 Bd5 17. Qg4 Bf8 18. 0-0 f5 19. exf6 Nxf6 20. Bg6+ Kd7 21. Qe2 Bd6 22. Nf3 Rhf8 23. Ba3 Ng4 24. Ne5+ Nxe5 25. dxe5 Bxe5 26. Bxf8 Bh2+ 27. Kh1 Qf4 28. Rad1 Rxf8 29. Rxd5+ exd5 30. Re1 Qh4 31. Qe6+ Kd8 32. Qxd5+ Bd6+ 33. Kg1 Qxf2+ 0-1

[Event "Ruhrgebiet Verbandsliga Gruppe 2 1617"]
[Site "Germany"]
[Date "2016.09.25"]
[Round "2.3"]
[White "Marx, Patrick"]
[Black "Claussen, Uwe"]
[Result "1/2-1/2"]
[WhiteElo "1908"]
[BlackElo "2058"]
[PlyCount "81"]
[EventDate "2016.09.04"]
[EventType "team-tourn"]
[EventRounds "9"]
[EventCountry "GER"]
[SourceTitle "EXT 2022"]
[Source "ChessBase"]
[SourceDate "2021.10.06"]
[SourceVersion "1"]
[SourceVersionDate "2021.10.06"]
[SourceQuality "1"]
[WhiteTeam "Welper SV II"]
[BlackTeam "Essen Werden"]
[WhiteTeamCountry "GER"]
[BlackTeamCountry "GER"]

1. d4 e6 2. Nf3 b6 3. Bf4 Bb7 4. Nbd2 f5 5. e3 Nf6 6. Bd3 Be7 7. h3 0-0 8. c3 Be4 9. Qc2 d5 10. 0-0 Bd6 11. Ne5 Bxe5 12. Bxe5 Nbd7 13. Bh2 c6 14. f3 Bxd3 15. Qxd3 Qe7 16. e4 g6 17. Rae1 Qf7 18. Re2 Rfe8 19. Rfe1 Rad8 20. Qa6 Nb8 21. Qa4 Qd7 22. Qb4 c5 23. dxc5 Na6 24. Qd4 e5 25. Qf2 Nxc5 26. Qh4 Nh5 27. exf5 Nd3 28. Rd1 Qxf5 29. g4 Qf6 30. Qxf6 Nxf6 31. Nb3 Nf4 32. Bxf4 exf4 33. Rde1 Kf7 34. Nd4 Rxe2 35. Rxe2 Rd6 36. h4 h6 37. Kf2 a6 38. Re1 Nd7 39. Ne2 Nc5 40. Rd1 Ne6 41. Rd2 1/2-1/2

[Event "Ruhrgebiet Verbandsliga Gruppe 2 1516"]
[Site "Germany"]
[Date "2015.11.08"]
[Round "3.4"]
[White "Kandic, Milan"]
[Black "Claussen, Uwe"]
[Result "0-1"]
[WhiteElo "2102"]
[BlackElo "2093"]
[PlyCount "134"]
[EventDate "2015.09.06"]
[EventType "team-tourn"]
[EventRounds "9"]
[EventCountry "GER"]
[SourceTitle "EXT 2022"]
[Source "ChessBase"]
[SourceDate "2021.10.06"]
[SourceVersion "1"]
[SourceVersionDate "2021.10.06"]
[SourceQuality "1"]
[WhiteTeam "Hamm SV"]
[BlackTeam "Essen Werden"]
[WhiteTeamCountry "GER"]
[BlackTeamCountry "GER"]

1. e4 c6 2. d4 d5 3. exd5 cxd5 4. c4 e6 5. Nc3 Nf6 6. Nf3 Be7 7. c5 0-0 8. Bd3 b6 9. cxb6 Qxb6 10. 0-0 Ba6 11. Na4 Qc7 12. Bg5 Bxd3 13. Qxd3 Qa5 14. b3 h6 15. Bd2 Qa6 16. Qxa6 Nxa6 17. Rfc1 Rfc8 18. Rxc8+ Rxc8 19. Rc1 Rxc1+ 20. Bxc1 Nd7 21. a3 Nc7 22. Nc3 Bd6 23. Kf1 f6 24. g3 Kf7 25. Ne1 e5 26. Nc2 Ke6 27. Be3 e4 28. Ne2 g5 29. h4 Kf5 30. hxg5 hxg5 31. Bd2 Ke6 32. g4 Nf8 33. Bb4 Ng6 34. Bxd6 Kxd6 35. Ng3 Nh4 36. a4 Nf3 37. Ke2 Ne6 38. Nf5+ Kd7 39. Nb4 Nfxd4+ 40. Nxd4 Nxd4+ 41. Ke3 Nxb3 42. Nxd5 Ke6 43. Kxe4 Nc5+ 44. Kd4 Nxa4 45. f4 Nb6 46. Nc7+ Kf7 47. fxg5 fxg5 48. Ke5 Kg6 49. Na6 Nd7+ 50. Kd6 Nf6 51. Kc6 Nxg4 52. Kb7 Nf2 53. Kxa7 g4 54. Nc7 g3 55. Nd5 Kg5 56. Ne3 Nd1 57. Ng2 Kg4 58. Ne1 Kf4 59. Kb6 Ke3 60. Kc5 Ke2 61. Ng2 Kf2 62. Nf4 Kf3 63. Nh3 Ke3 64. Kc4 Nf2 65. Ng1 Ne4 66. Nh3 g2 67. Kd5 Ng5 0-1

[Event "NRW Verbandsliga Group1 1314"]
[Site "Nordrheinwestfalen"]
[Date "2014.04.06"]
[Round "9"]
[White "Sohlmann, Jan Henning"]
[Black "Claussen, Uwe"]
[Result "0-1"]
[WhiteElo "2138"]
[BlackElo "2053"]
[PlyCount "78"]
[EventDate "2013.09.08"]
[EventType "team-tourn"]
[EventRounds "9"]
[EventCountry "GER"]
[SourceTitle "EXT 2020"]
[Source "ChessBase"]
[SourceDate "2019.10.17"]
[SourceVersion "1"]
[SourceVersionDate "2019.10.17"]
[SourceQuality "1"]
[WhiteTeam "Welper SV"]
[BlackTeam "Essen Werden"]
[WhiteTeamCountry "GER"]
[BlackTeamCountry "GER"]

1. b4 e6 2. Bb2 Nf6 3. b5 d5 4. e3 a6 5. a4 axb5 6. axb5 Rxa1 7. Bxa1 c6 8. Nf3 Nbd7 9. Be2 cxb5 10. Bxb5 Qa5 11. Nc3 Bb4 12. Be2 0-0 13. 0-0 b6 14. Nd4 Bb7 15. Bb5 Rc8 16. Qe2 Qa8 17. Bb2 Qb8 18. Rb1 Qc7 19. f4 Ra8 20. Nd1 Bf8 21. Nf2 Nc5 22. Nd3 Nfe4 23. Ne5 Nd6 24. Ng4 Nce4 25. Bd3 Ra2 26. Nf3 f6 27. Bd4 b5 28. Ne1 Bc6 29. Nf2 Qa5 30. Nf3 Nc4 31. Bxc4 dxc4 32. Ne1 Qxd2 33. Qxd2 Nxd2 34. Rd1 Ne4 35. Rb1 b4 36. Rc1 Nxf2 37. Kxf2 b3 38. Ke2 Be4 39. Ra1 Rxc2+ 0-1

[Event "NRW Verbandsliga Group1 1314"]
[Site "Nordrheinwestfalen"]
[Date "2014.02.16"]
[Round "7"]
[White "Claussen, Uwe"]
[Black "Bausch, Thomas"]
[Result "1/2-1/2"]
[WhiteElo "2053"]
[BlackElo "1967"]
[PlyCount "101"]
[EventDate "2013.09.08"]
[EventType "team-tourn"]
[EventRounds "9"]
[EventCountry "GER"]
[SourceTitle "EXT 2020"]
[Source "ChessBase"]
[SourceDate "2019.10.17"]
[SourceVersion "1"]
[SourceVersionDate "2019.10.17"]
[SourceQuality "1"]
[WhiteTeam "Essen Werden"]
[BlackTeam "Bochum SC an der Uni"]
[WhiteTeamCountry "GER"]
[BlackTeamCountry "GER"]

1. d4 Nf6 2. c4 e6 3. Nc3 Bb4 4. Qc2 0-0 5. Nf3 c5 6. a3 Bxc3+ 7. bxc3 h6 8. e4 d6 9. Bd3 Nc6 10. 0-0 b6 11. h3 Ba6 12. Be3 Rc8 13. d5 Na5 14. Nd2 Qc7 15. f4 exd5 16. exd5 b5 17. cxb5 Nxd5 18. Rae1 Rce8 19. Bf2 Bc8 20. f5 Nf6 21. Bh4 Rxe1 22. Bxe1 c4 23. Be4 Qc5+ 24. Bf2 Qxb5 25. Bxa7 Nxe4 26. Nxe4 Qc6 27. f6 g6 28. Qd2 Kh7 29. Qxd6 Qxd6 30. Nxd6 Be6 31. Bb6 Nb3 32. Rf4 Ra8 33. Be3 g5 34. Re4 Rxa3 35. h4 Kg6 36. hxg5 hxg5 37. Nxc4 Ra1+ 38. Kh2 Kxf6 39. Nb6 Ra5 40. Rb4 Na1 41. Rb2 Nb3 42. c4 Nc5 43. Bd2 Ra6 44. Rb5 Ne4 45. Be3 g4 46. Bd4+ Ke7 47. Be5 Ra3 48. Nd5+ Bxd5 49. cxd5 Rd3 50. Rb7+ Ke8 51. Rb8+ 1/2-1/2

[Event "NRW Verbandsliga Group1 1314"]
[Site "Nordrheinwestfalen"]
[Date "2013.11.03"]
[Round "3"]
[White "Schulz, Hartmut"]
[Black "Claussen, Uwe"]
[Result "1/2-1/2"]
[WhiteElo "2055"]
[BlackElo "2053"]
[PlyCount "119"]
[EventDate "2013.09.08"]
[EventType "team-tourn"]
[EventRounds "9"]
[EventCountry "GER"]
[SourceTitle "EXT 2020"]
[Source "ChessBase"]
[SourceDate "2019.10.17"]
[SourceVersion "1"]
[SourceVersionDate "2019.10.17"]
[SourceQuality "1"]
[WhiteTeam "Doppelbauer Brambauer"]
[BlackTeam "Essen Werden"]
[WhiteTeamCountry "GER"]
[BlackTeamCountry "GER"]

1. d4 e6 2. Nf3 d5 3. Bf4 c5 4. e3 Nc6 5. c3 Qb6 6. Qb3 c4 7. Qc2 Nf6 8. h3 Qa5 9. Ne5 Nxe5 10. Bxe5 Nd7 11. Bg3 b5 12. e4 Bb7 13. Nd2 b4 14. Be2 Be7 15. 0-0 0-0 16. Bf3 bxc3 17. bxc3 Nb6 18. Rae1 Rfe8 19. exd5 exd5 20. Re2 Ba3 21. Nb1 Bf8 22. Rfe1 Rxe2 23. Rxe2 Bc6 24. Qd2 Qb5 25. Qc2 Re8 26. Rxe8 Bxe8 27. Bf4 Bd7 28. g4 g6 29. Nd2 Na4 30. Nf1 Qa5 31. Bd2 Bd6 32. Ne3 Nb6 33. Ng2 Qb5 34. Nf4 Bc6 35. h4 Bd7 36. h5 g5 37. Ng2 h6 38. Ne3 Bf4 39. Be1 Qc6 40. Ng2 Bc7 41. Bd2 Qf6 42. Qd1 Qd6 43. Kf1 Qh2 44. Ne3 Bf4 45. Qe2 Kf8 46. Bc1 Kg7 47. Ba3 Bd6 48. Bc5 Be6 49. Ke1 Na4 50. Bxd6 Qxd6 51. Qc2 Nb6 52. Kf1 Qh2 53. a4 a5 54. Qb2 Nxa4 55. Qa3 Nb6 56. Qxa5 Qd6 57. Qa6 Qb8 58. Qb5 Qd6 59. Qa6 Qb8 60. Qb5 1/2-1/2

[Event "Ruhrgebiet VK3 1213"]
[Site "Nordrheinwestfalen"]
[Date "2013.01.13"]
[Round "5"]
[White "Dahlhaus, Friedhelm"]
[Black "Claussen, Uwe"]
[Result "0-1"]
[WhiteElo "1974"]
[BlackElo "2065"]
[PlyCount "51"]
[EventDate "2012.09.02"]
[EventType "team-tourn"]
[EventRounds "9"]
[EventCountry "GER"]
[SourceTitle "EXT 2020"]
[Source "ChessBase"]
[SourceDate "2019.10.17"]
[SourceVersion "1"]
[SourceVersionDate "2019.10.17"]
[SourceQuality "1"]
[WhiteTeam "Wacker Bergeborbeck"]
[BlackTeam "Essen Werden"]
[WhiteTeamCountry "GER"]
[BlackTeamCountry "GER"]

1. e4 e6 2. d4 d5 3. Nd2 Nf6 4. e5 Ne4 5. Bd3 Nxd2 6. Bxd2 c5 7. c3 Qb6 8. Nf3 Nc6 9. 0-0 cxd4 10. cxd4 Qxb2 11. Rb1 Qa3 12. Qc2 h6 13. Rb3 Qe7 14. Rfb1 Qc7 15. g4 Be7 16. Kh1 a6 17. a4 a5 18. Rb5 Kd8 19. Rc1 Ba3 20. Ra1 Bb4 21. Bxb4 Nxb4 22. Qxc7+ Kxc7 23. Rc1+ Kb8 24. Bc2 Bd7 25. Rc5 b6 26. Rc3 0-1

[Event "Ruhrgebiet VK3 1213"]
[Site "Nordrheinwestfalen"]
[Date "2012.12.02"]
[Round "4"]
[White "Claussen, Uwe"]
[Black "Renn, Volker"]
[Result "1/2-1/2"]
[WhiteElo "2065"]
[BlackElo "1936"]
[PlyCount "86"]
[EventDate "2012.09.02"]
[EventType "team-tourn"]
[EventRounds "9"]
[EventCountry "GER"]
[SourceTitle "EXT 2020"]
[Source "ChessBase"]
[SourceDate "2019.10.17"]
[SourceVersion "1"]
[SourceVersionDate "2019.10.17"]
[SourceQuality "1"]
[WhiteTeam "Essen Werden"]
[BlackTeam "Horst Emscher II"]
[WhiteTeamCountry "GER"]
[BlackTeamCountry "GER"]

1. d4 d5 2. c4 dxc4 3. Nc3 Nf6 4. e3 c5 5. Bxc4 cxd4 6. exd4 e6 7. Nf3 Nc6 8. 0-0 Be7 9. h3 0-0 10. Be3 a6 11. a3 b5 12. Ba2 Bb7 13. Qe2 b4 14. axb4 Nxb4 15. Bc4 Rc8 16. b3 Rc7 17. Ne5 Qa8 18. f3 Nfd5 19. Nxd5 exd5 20. Bd3 f6 21. Ng4 Rc3 22. Bd2 Rxb3 23. Bxh7+ Kxh7 24. Qxe7 Nc6 25. Qd7 Qc8 26. Qxd5 Rb5 27. Qc4 Qd7 28. Be3 Rd5 29. Rab1 Rd8 30. Qb3 Bc8 31. Qc2+ Kh8 32. Qg6 Nxd4 33. Bxd4 Rxd4 34. Qh5+ Kg8 35. Rbe1 Qf7 36. Qc5 Bxg4 37. fxg4 Rd2 38. Qc6 Qd5 39. Qxd5+ R8xd5 40. Re7 Ra5 41. Rc1 Raa2 42. Rcc7 Rxg2+ 43. Kf1 Rgf2+ 1/2-1/2

[Event "Ruhrgebiet VK3 1213"]
[Site "Nordrheinwestfalen"]
[Date "2012.09.02"]
[Round "1"]
[White "Markus, Peter"]
[Black "Claussen, Uwe"]
[Result "0-1"]
[WhiteElo "2006"]
[BlackElo "2065"]
[PlyCount "82"]
[EventDate "2012.09.02"]
[EventType "team-tourn"]
[EventRounds "9"]
[EventCountry "GER"]
[SourceTitle "EXT 2020"]
[Source "ChessBase"]
[SourceDate "2019.10.17"]
[SourceVersion "1"]
[SourceVersionDate "2019.10.17"]
[SourceQuality "1"]
[WhiteTeam "Guennigfeld SV"]
[BlackTeam "Essen Werden"]
[WhiteTeamCountry "GER"]
[BlackTeamCountry "GER"]

1. e4 e6 2. d4 d5 3. e5 b6 4. Nf3 Ba6 5. Bxa6 Nxa6 6. Qd3 Nb4 7. Qe2 c5 8. c3 Nc6 9. 0-0 Qd7 10. Be3 h5 11. Nbd2 Nh6 12. Nb3 c4 13. Nbd2 Nf5 14. b3 b5 15. a4 b4 16. cxb4 c3 17. b5 Na5 18. Nb1 Nxb3 19. Ra2 Bb4 20. Qc2 Na5 21. Bc1 Rc8 22. Ba3 Qe7 23. Rc1 0-0 24. Qd3 Nb3 25. Rxc3 Bxa3 26. Rxa3 Qb4 27. h3 Nbxd4 28. Nxd4 Nxd4 29. Ra2 Rxc3 30. Nxc3 Rc8 31. Ne2 Nxe2+ 32. Qxe2 Qb1+ 33. Kh2 Rc1 34. h4 Rh1+ 35. Kg3 Qg6+ 36. Kf3 Qg4+ 37. Ke3 Qe4+ 38. Kd2 Qb4+ 39. Kc2 Re1 40. Qd2 Qc4+ 41. Kb2 Re2 0-1

[Event "Ruhrgebiet VK2 0910"]
[Site "Ruhrgebiet"]
[Date "2010.04.18"]
[Round "9.2"]
[White "Mackowiak, Sascha"]
[Black "Claussen, Uwe"]
[Result "1-0"]
[WhiteElo "1934"]
[BlackElo "1999"]
[PlyCount "71"]
[EventDate "2009.09.06"]
[EventType "team"]
[EventRounds "9"]
[EventCountry "GER"]
[SourceTitle "EXT 2011"]
[Source "ChessBase"]
[SourceDate "2010.11.26"]
[SourceVersion "1"]
[SourceVersionDate "2010.11.26"]
[SourceQuality "1"]
[WhiteTeam "Bochum SV II"]
[BlackTeam "Essen Werden"]
[WhiteTeamCountry "GER"]
[BlackTeamCountry "GER"]

1. d4 e6 2. Nf3 d5 3. c4 Nf6 4. Nc3 c6 5. Bg5 Nbd7 6. e3 Be7 7. cxd5 exd5 8. Bd3 0-0 9. Qc2 Re8 10. 0-0 Nf8 11. Rab1 h6 12. Bh4 Ne4 13. Bxe7 Qxe7 14. b4 a6 15. a4 Ng5 16. Ne5 f6 17. Ng6 Qd6 18. Nxf8 Rxf8 19. b5 axb5 20. axb5 Bg4 21. bxc6 bxc6 22. Rb6 Kh8 23. Nb5 Qd8 24. Rxc6 Qe8 25. Bg6 Qb8 26. Rb1 f5 27. Nc7 Qd8 28. Nxa8 Nf3+ 29. Kf1 f4 30. gxf3 Bh3+ 31. Ke2 fxe3 32. fxe3 Qg5 33. Kd3 Rxa8 34. Rcb6 Bf1+ 35. Kd2 Qg2+ 36. Kc1 1-0

[Event "Ruhrgebiet VK2 0910"]
[Site "Ruhrgebiet"]
[Date "2009.10.04"]
[Round "2.3"]
[White "Claussen, Uwe"]
[Black "Mueller, Martin"]
[Result "1-0"]
[WhiteElo "1999"]
[BlackElo "2093"]
[PlyCount "80"]
[EventDate "2009.09.06"]
[EventType "team"]
[EventRounds "9"]
[EventCountry "GER"]
[SourceTitle "EXT 2011"]
[Source "ChessBase"]
[SourceDate "2010.11.26"]
[SourceVersion "1"]
[SourceVersionDate "2010.11.26"]
[SourceQuality "1"]
[WhiteTeam "Essen Werden"]
[BlackTeam "Unser Fritz"]
[WhiteTeamCountry "GER"]
[BlackTeamCountry "GER"]

1. e4 d6 2. Nc3 Nf6 3. g3 g6 4. Bg2 Bg7 5. d3 c5 6. h3 Nc6 7. f4 e5 8. Nf3 Nh5 9. Ne2 exf4 10. gxf4 0-0 11. f5 gxf5 12. Bg5 Qb6 13. 0-0 c4+ 14. Kh2 cxd3 15. cxd3 Kh8 16. Rb1 Be6 17. exf5 Bxa2 18. f6 Nxf6 19. Nh4 Ng8 20. Nf4 Be5 21. Qh5 Nce7 22. Rbe1 Qc5 23. b4 Qc3 24. Kh1 Bxf4 25. Bxf4 Qxd3 26. Be4 Nf6 27. Bxd3 Nxh5 28. Rxe7 Nxf4 29. Rxf4 Rfe8 30. Rxe8+ Rxe8 31. Kh2 Re5 32. Nf5 a5 33. b5 Bb3 34. Nd4 Be6 35. Rh4 h5 36. b6 Kg7 37. Be4 d5 38. Bf3 Kf6 39. Rf4+ Kg7 40. Nc6 Re3 1-0

[Event "Ruhrgebiet VK2 0910"]
[Site "Ruhrgebiet"]
[Date "2009.09.06"]
[Round "1.3"]
[White "Langschmidt, Dirk"]
[Black "Claussen, Uwe"]
[Result "0-1"]
[WhiteElo "2028"]
[BlackElo "1999"]
[PlyCount "66"]
[EventDate "2009.09.06"]
[EventType "team"]
[EventRounds "9"]
[EventCountry "GER"]
[SourceTitle "EXT 2011"]
[Source "ChessBase"]
[SourceDate "2010.11.26"]
[SourceVersion "1"]
[SourceVersionDate "2010.11.26"]
[SourceQuality "1"]
[WhiteTeam "Muelheim"]
[BlackTeam "Essen Werden"]
[WhiteTeamCountry "GER"]
[BlackTeamCountry "GER"]

1. e4 c5 2. Nc3 Nc6 3. g3 e6 4. Bg2 Nf6 5. Nge2 d5 6. exd5 exd5 7. d4 cxd4 8. Nxd4 Bc5 9. Be3 Nxd4 10. Bxd4 Qe7+ 11. Ne2 Bxd4 12. Qxd4 0-0 13. Kf1 Bf5 14. c3 Rfe8 15. Nf4 Rad8 16. h4 h6 17. h5 b6 18. f3 Qd7 19. Kf2 Qb5 20. b3 Qa5 21. g4 Bh7 22. a4 Qc5 23. Rhc1 Rc8 24. Bf1 Qd6 25. Bb5 Re4 26. fxe4 Qxf4+ 27. Ke1 Nxe4 28. Be2 Re8 29. c4 Qg3+ 30. Kf1 Re6 31. cxd5 Rf6+ 32. Qxf6 gxf6 33. Rc8+ Kg7 0-1

[Event "Ruhrgebiet VK3 0708"]
[Site "Germany"]
[Date "2007.12.09"]
[Round "4.1"]
[White "Claussen, Uwe"]
[Black "Mathea, Marc"]
[Result "0-1"]
[WhiteElo "2170"]
[BlackElo "1930"]
[PlyCount "114"]
[EventDate "2007.09.16"]
[EventType "team-tourn"]
[EventRounds "9"]
[EventCountry "GER"]
[SourceTitle "EXT 2009"]
[Source "ChessBase"]
[SourceDate "2008.11.26"]
[SourceVersion "1"]
[SourceVersionDate "2008.11.26"]
[SourceQuality "1"]
[WhiteTeam "Essen Werden"]
[BlackTeam "RE Sued"]
[WhiteTeamCountry "GER"]
[BlackTeamCountry "GER"]

1. e4 g6 2. d4 Bg7 3. Nc3 d6 4. Be3 Nf6 5. Be2 Nc6 6. Qd2 0-0 7. h4 e5 8. d5 Nd4 9. 0-0-0 c5 10. dxc6 bxc6 11. Bxd4 exd4 12. Qxd4 Nd5 13. Qxg7+ Kxg7 14. exd5 c5 15. Bb5 Bd7 16. Bxd7 Qxd7 17. Nf3 Rfe8 18. Nd2 Qg4 19. g3 Rab8 20. a3 Re7 21. Rhe1 Rbe8 22. Rxe7 Rxe7 23. b3 Qd4 24. Nde4 Rxe4 25. Rxd4 Rxd4 26. Nb5 Rxd5 27. Nxa7 Kf6 28. Nb5 Ke7 29. a4 Kd7 30. Nc3 Re5 31. Kd2 Kc6 32. Nd1 d5 33. c3 f5 34. Nb2 Re8 35. Nd3 c4 36. bxc4 dxc4 37. Nb2 Kc5 38. Kd1 Rb8 39. Kc2 f4 40. Nd1 fxg3 41. fxg3 Ra8 42. Nf2 Kd5 43. Kd2 Rxa4 44. Ke3 Ra7 45. Kf4 Rf7+ 46. Ke3 Rxf2 47. Kxf2 Ke4 48. Ke2 h5 49. Kf2 Kd3 50. g4 hxg4 51. Kg3 Kxc3 52. Kxg4 Kd3 53. Kg5 c3 54. Kxg6 c2 55. h5 c1Q 56. h6 Qc3 57. h7 Qh8 0-1